No easy harvest : (Record no. 15277)
[ view plain ]
| 000 -LEADER | |
|---|---|
| fixed length control field | 01201cam a22003011 4500 |
| 001 - CONTROL NUMBER | |
| control field | 15277 |
| 003 - CONTROL NUMBER IDENTIFIER | |
| rucl marc code | BD-RjUL |
| 005 - DATE AND TIME OF LATEST TRANSACTION | |
| control field | 20211208235802.0 |
| 008 - FIXED-LENGTH DATA ELEMENTS--GENERAL INFORMATION | |
| fixed length control field | 140209s1967 maua 101 0 eng d |
| 035 ## - SYSTEM CONTROL NUMBER | |
| System control number | (BD-RjUL)15331 |
| 040 ## - CATALOGING SOURCE | |
| Original cataloging agency | DLC |
| Transcribing agency | DLC |
| Modifying agency | DLC |
| -- | BD-RjUL |
| Language of cataloging | eng |
| 041 ## - LANGUAGE CODE | |
| Language code of text/sound track or separate title | eng |
| 082 00 - DEWEY DECIMAL CLASSIFICATION NUMBER | |
| Classification number | 338.1091724 |
| Author mark and year | MIN 1967 |
| 100 1# - MAIN ENTRY--PERSONAL NAME | |
| Personal name | Millikan, Max F., |
| 9 (RLIN) | 11554 |
| 245 00 - TITLE STATEMENT | |
| Title | No easy harvest : |
| Remainder of title | the dilemma of agriculture in underdeveloped countries / |
| Statement of responsibility, etc. | by Max F. Millikan and David Hapgood. |
| 260 ## - PUBLICATION, DISTRIBUTION, ETC. (IMPRINT) | |
| Place of publication, distribution, etc. | Boston : |
| Name of publisher, distributor, etc. | Little, Brown , |
| Date of publication, distribution, etc. | c1967 |
| 300 ## - PHYSICAL DESCRIPTION | |
| Pagination | xiv, 178 p. : |
| Illustrations | illus. ; |
| Size | 21 cm. |
| 500 ## - GENERAL NOTE | |
| General note | "A study from the Center for International Studies, Massachusetts Institute of Technology." |
| 504 ## - BIBLIOGRAPHY, ETC. NOTE | |
| Bibliography, etc | Includes Index |
| 650 #0 - SUBJECT ADDED ENTRY--TOPICAL TERM | |
| Topical term or geographic name as entry element | Agriculture |
| General subdivision | Economic aspects |
| Geographic subdivision | Developing countries. |
| 9 (RLIN) | 10370 |
| Topical term or geographic name as entry element | Agriculture |
| Geographic subdivision | Developing countries. |
| 9 (RLIN) | 47499 |
| 700 1# - ADDED ENTRY--PERSONAL NAME | |
| Personal name | Hapgood, David |
| 710 2# - ADDED ENTRY--CORPORATE NAME | |
| Corporate name or jurisdiction name as entry element | Massachusetts Institute of Technology. |
| Subordinate unit | Center for International Studies. |
| 9 (RLIN) | 7315 |
| 711 2# - ADDED ENTRY--MEETING NAME | |
| Meeting name or jurisdiction name as entry element | Conference on Productivity and Innovation in Agriculture in the Underdeveloped Countries, |
| Location of meeting | Dedham, Mass., |
| Date of meeting | 1964. |
| 9 (RLIN) | 47501 |
| 942 ## - ADDED ENTRY ELEMENTS (KOHA) | |
| Source of classification or shelving scheme | Dewey Decimal Classification |
| Koha item type | Books |
| Lost status | Source of classification or shelving scheme | Damaged status | Not for loan | Collection code | Permanent Location | Current Location | Shelving location | Date acquired | Source of acquisition | Cost, normal purchase price | Total Checkouts | Full call number | Date last seen | Copy number | Koha item type |
|---|---|---|---|---|---|---|---|---|---|---|---|---|---|---|---|
| Dewey Decimal Classification | Not For Loan | Non-fiction | Central Library, University of Rajshahi | Central Library, University of Rajshahi | Reading Room | 06/01/1975 | M. Obidul Haq | 0.00 | 338.1091724 MIN 1967 | 09/02/2014 | C-1 | Books |